000 00478nam a2200181Ia 4500
001 11020
005 20260306161915.0
008 260306t1970||||xx |||||||||||||| ||spa||
041 _aESP
082 _a985.001
_bB25
100 _aDe la Barra, Felipe
_eAUT
245 0 _aFichero bibliográfico histórico-militar peruano y antología de escritos
260 _c1970
300 _axvi, 298 páginas :
_c25 cm.
650 _aGEN
654 _aCHU
942 _cLIB
_dJUS
_fJUS
_2ddc
_n
999 _c11020
_d11020